Richard Strauss and his heroines /
The film "Richard Strauss and his Heroines" explores Strauss' relationship to women. The primary focus lies on his attachment to Pauline, his wife of more than 55 years. Strauss experienced the most varied of epochs in German history, from the Empire to Nazi dictatorship and the post-...
| Other Authors: | , |
|---|---|
| Format: | Video |
| Language: | German English |
| Language Notes: | In German, with some interviews in English. |
| Published: |
Halle, Germany :
Monarda Arts,
2014.
|
| Series: | Academic Video Online
|
| Subjects: | |
| Online Access: | Connect to this streaming video (Alexander Street Press) |
MARC
| Tag | First Indicator | Second Indicator | Subfields |
|---|---|---|---|
| LEADER | 00000cgm a2200000Mi 4500 | ||
| 001 | in00005598430 | ||
| 006 | m o c | ||
| 007 | cr |n||||||||a | ||
| 007 | vz |za|z| | ||
| 008 | 230105s2014 gw 052 e o vlger d | ||
| 005 | 20241201233948.0 | ||
| 035 | |a (OCoLC)on1369592050 | ||
| 040 | |a ALSTP |b eng |e rda |c ALSTP |d OCLCF |d OCLCO |d OCLCQ |d OCLCL |d DXU | ||
| 019 | |a 1373506167 |a 1443975790 | ||
| 035 | |a (OCoLC)1369592050 |z (OCoLC)1373506167 |z (OCoLC)1443975790 | ||
| 041 | 0 | |a ger |a eng | |
| 082 | 0 | 4 | |a 780/.92 |q OCoLC |
| 049 | |a TXAM | ||
| 245 | 0 | 0 | |a Richard Strauss and his heroines / |c a film by Thomas von Steinaecker ; written and directed by Thomas von Steinaecker ; producer, Norbert Busè ; a production of Studio.TV.Film GmbH. |
| 264 | 1 | |a Halle, Germany : |b Monarda Arts, |c 2014. | |
| 300 | |a 1 online resource (52 minutes) | ||
| 306 | |a 005144 | ||
| 336 | |a two-dimensional moving image |b tdi |2 rdacontent | ||
| 337 | |a computer |b c |2 rdamedia | ||
| 337 | |a video |b v |2 rdamedia | ||
| 338 | |a online resource |b cr |2 rdacarrier | ||
| 347 | |a video file |2 rdaft | ||
| 490 | 0 | |a Academic Video Online | |
| 500 | |a Title from title screen (viewed January 05, 2023). | ||
| 520 | |a The film "Richard Strauss and his Heroines" explores Strauss' relationship to women. The primary focus lies on his attachment to Pauline, his wife of more than 55 years. Strauss experienced the most varied of epochs in German history, from the Empire to Nazi dictatorship and the post-war period. How did the image of women change in this time and what influence did it have on Strauss' work? And above all: how did Strauss achieve to express the finest feminine feelings in his music? Exploring these questions we meet Strauss' last surviving grandchild who has first hand experience with the married life of his grandparents. Interviews with the great Strauss singers Brigitte Fassbaender, Renée Fleming, Dame Gwyneth Jones and Christa Ludwig who report on their famous Strauss roles, Rufus Wainwright, conductor Franz Welser-Möst and other Strauss experts lead us through the film. "Richard Strauss and his Heroines" is the first filmed documentation about the unforgettable heroines created by Strauss and how they affected his life and his marriage. | ||
| 546 | |a In German, with some interviews in English. | ||
| 600 | 1 | 0 | |a Strauss, Richard, |d 1864-1949. |
| 600 | 1 | 0 | |a Strauss, Richard, |d 1864-1949 |x Criticism and interpretation. |
| 600 | 1 | 7 | |a Strauss, Richard, |d 1864-1949 |2 fast |1 https://id.oclc.org/worldcat/entity/E39PBJghrrckpmGjBTtPFFRVG3 |
| 650 | 0 | |a Women in opera. | |
| 650 | 6 | |a Femmes à l'opéra. | |
| 650 | 7 | |a Women in opera |2 fast | |
| 655 | 7 | |a documentary film. |2 aat | |
| 655 | 7 | |a Criticism, interpretation, etc. |2 fast | |
| 655 | 7 | |a Documentary films |2 fast | |
| 655 | 7 | |a Documentary films. |2 lcgft | |
| 655 | 7 | |a Documentaires. |2 rvmgf | |
| 700 | 1 | |a Steinaecker, Thomas von, |d 1977- |e director, |e screenwriter. | |
| 700 | 1 | |a Busé, Norbert, |e producer. | |
| 710 | 2 | |a Studio.TV.Film GmbH, |e production company. | |
| 710 | 2 | |a Monarda Arts (Firm), |e publisher. | |
| 758 | |i has work: |a Richard Strauss and his heroines (MovingImage) |1 https://id.oclc.org/worldcat/entity/E39PCGbgCjD3jfTqcvKvhyw7pd |4 https://id.oclc.org/worldcat/ontology/hasWork | ||
| 856 | 4 | 0 | |u http://proxy.library.tamu.edu/login?url=https://www.aspresolver.com/aspresolver.asp?MARC;5358781 |z Connect to this streaming video (Alexander Street Press) |t 0 |
| 955 | |a Alexander Street Press subscription streaming video | ||
| 994 | |a 92 |b TXA | ||
| 999 | f | f | |s c30d542b-c1ad-4cce-83a8-0f1bd38a87fa |i 9034095a-886b-426e-bf0d-40adb66a8af0 |t 0 |
| 952 | f | f | |a Texas A&M University |b College Station |c Electronic Resources |d Available Online |t 0 |h Library of Congress classification |
| 998 | f | f | |t 0 |l Available Online |